Banderas del mundo en orden aleatorio - Estadísticas

Estadísticas generales
  • Esta prueba ha sido intentada 641 veces
  • La puntuación promedio es 154 de 196
Estadísticas de respuestas
Imagen Respuesta % Correcto
España
97%
Egipto
95%
Italia
95%
San Marino
95%
Alemania
94%
Australia
94%
Brasil
94%
Hungría
94%
Jamaica
94%
Marruecos
94%
Nueva Zelanda
94%
República Checa
94%
Suecia
94%
Uruguay
94%
Albania
93%
Catar
93%
Chipre
93%
Corea del Sur
93%
Ecuador
93%
Estonia
93%
Reino Unido
93%
Serbia
93%
Ucrania
93%
Arabia Saudita
92%
Chad
92%
China
92%
Georgia
92%
Macedonia del Norte
92%
México
92%
Mónaco
92%
Noruega
92%
Países Bajos
92%
Sri Lanka
92%
Afganistán
91%
Chile
91%
Croacia
91%
Kosovo
91%
Rusia
91%
Turquía
91%
El Salvador
90%
Irán
90%
Letonia
90%
Mongolia
90%
Angola
89%
Bélgica
89%
Bután
89%
Santa Lucía
89%
Corea del Norte
88%
Filipinas
88%
Nicaragua
88%
Portugal
88%
Tanzania
88%
Vietnam
88%
Armenia
87%
Austria
87%
Bielorrusia
87%
Bulgaria
87%
Costa Rica
87%
Emiratos Árabes Unidos
87%
Estados Unidos
87%
Lituania
87%
Andorra
86%
Azerbaiyán
86%
Bangladés
86%
Grecia
86%
Líbano
86%
Polonia
86%
República Centroafricana
86%
Rumanía
86%
Senegal
86%
Ciudad del Vaticano
85%
Etiopía
85%
Irlanda
85%
Islandia
85%
Madagascar
85%
Malta
85%
Pakistán
85%
Somalia
85%
Taiwán
85%
Venezuela
85%
Antigua y Barbuda
84%
Irak
84%
Jordania
84%
Níger
84%
Palaos
84%
Suiza
84%
Yemen
84%
Bahamas
83%
Ghana
83%
Haití
83%
Libia
83%
Malí
83%
Panamá
83%
Paraguay
83%
Uganda
83%
Cuba
82%
Estados Federados de Micronesia
82%
India
82%
Kirguistán
82%
Myanmar
82%
Sudáfrica
82%
Burundi
81%
Costa de Marfil
81%
Eslovaquia
81%
Francia
81%
Gabón
81%
Japón
81%
Seychelles
81%
Tailandia
81%
Zimbabue
81%
Camerún
80%
Comoras
80%
Kuwait
80%
Malaui
80%
Nauru
80%
Nigeria
80%
San Vicente y las Granadinas
80%
Barbados
79%
Granada
79%
Guyana
79%
Lesoto
79%
Mauricio
79%
Mauritania
79%
Samoa
79%
Sudán
79%
Sudán del Sur
79%
Timor Oriental
79%
Argelia
78%
Botsuana
78%
Camboya
78%
Guinea
78%
Túnez
78%
Dominica
77%
Guinea Ecuatorial
77%
Belice
75%
Benín
75%
Honduras
75%
Omán
75%
República Democrática del Congo
75%
Guatemala
74%
Eritrea
73%
Islas Marshall
73%
Perú
73%
República del Congo
73%
Ruanda
73%
Surinam
73%
Sierra Leona
72%
Trinidad y Tobago
72%
Burkina Faso
70%
Yibuti
70%
Islas Salomón
69%
Israel
69%
Siria
69%
Tuvalu
69%
Vanuatu
69%
Montenegro
67%
Mozambique
67%
Tayikistán
67%
Namibia
66%
Gambia
65%
Tonga
63%
Uzbekistán
63%
Argentina
62%
San Cristóbal y Nieves
62%
Turkmenistán
62%
Canadá
61%
Moldavia
61%
República Dominicana
61%
Papúa Nueva Guinea
60%
Bosnia y Herzegovina
59%
Singapur
59%
Suazilandia
59%
Kiribati
58%
Liechtenstein
58%
Dinamarca
57%
Zambia
57%
Finlandia
55%
Malasia
55%
Colombia
54%
Indonesia
54%
Cabo Verde
53%
Eslovenia
52%
Kenia
52%
Laos
52%
Togo
52%
Brunéi
51%
Luxemburgo
50%
Nepal
50%
Fiyi
49%
Baréin
48%
Liberia
48%
Maldivas
46%
Guinea-Bisáu
45%
Kazajistán
45%
Bolivia
43%
Santo Tomé y Príncipe
42%
No se encontraron pruebas coincidentes
Distribución de puntuación
Porcentaje de gente con cada puntuación
Porcentaje por número respondido
Historial de tus puntuaciones
No has intentado esta prueba.